All 10k+ cities in Georgia on a Map - Statistics

General Stats
  • This quiz has been taken 100 times
  • The average score is 39 of 97
Answers on the Map
Answers color-coded by a green-red scale on the quiz's map according to % correct below.
 
Answer Stats
City Population % Correct
Atlanta 498,715
98%
Augusta 202,081
98%
Savannah 147,780
98%
Athens 127,315
92%
Columbus 206,922
92%
Macon 157,346
92%
Valdosta 55,378
84%
Sandy Springs 108,080
80%
Marietta 60,972
75%
South Fulton 107,436
75%
Alpharetta 65,818
72%
Warner Robins 80,308
70%
Rome 37,713
69%
Albany 69,647
66%
Roswell 92,833
61%
John's Creek 82,453
59%
Peachtree City 38,244
57%
Gainesville 42,296
56%
Brunswick 15,210
52%
Dalton 34,417
52%
Decatur 24,928
52%
Dunwoody 51,683
52%
Smyrna 55,663
52%
Kennesaw 33,036
51%
Newnan 42,549
48%
Douglas 11,722
46%
Douglasville 34,650
44%
Brookhaven 55,161
43%
East Point 38,358
43%
Stonecrest 59,194
43%
College Park 13,930
41%
Hinesville 34,891
39%
LaGrange 30,858
39%
Statesboro 33,438
39%
Woodstock 35,065
39%
Fayetteville 18,957
38%
Lawrenceville 30,629
38%
McDonough 29,051
38%
Peachtree Corners 42,243
38%
Tucker 37,005
38%
Cartersville 23,187
36%
Duluth 31,873
36%
Milledgeville 17,070
36%
Canton 32,973
34%
Milton 41,296
34%
St. Marys 18,256
34%
Thomasville 18,881
34%
Acworth 22,440
33%
Buford 17,144
33%
Chamblee 30,164
33%
Norcross 17,209
33%
Perry 20,624
33%
Tifton 17,045
33%
Conyers 17,305
31%
Griffin 23,478
31%
Waycross 13,942
31%
Bainbridge 14,468
30%
Carrollton 26,738
30%
Covington 14,192
30%
Americus 16,230
28%
Doraville 10,623
28%
Dublin 16,074
28%
Fairburn 16,483
28%
Kingsland 18,337
28%
Monroe 14,756
28%
Pooler 25,711
28%
Union City 26,738
28%
Vidalia 10,785
28%
Jefferson 13,233
26%
Richmond Hill 16,633
26%
Snellville 20,573
26%
Stockbridge 28,973
26%
Winder 18,338
26%
Fort Oglethorpe 10,423
25%
Calhoun 16,949
23%
Dallas 14,042
23%
Garden City 10,289
23%
Moultrie 14,638
23%
Rincon 10,934
23%
Suwanee 20,786
23%
Villa Rica 16,970
23%
Cordele 10,220
21%
Mableton 40,834
21%
Port Wentworth 10,878
21%
Powder Springs 16,887
21%
Cairo 10,179
20%
Forest Park 19,932
20%
Grovetown 15,577
20%
Holly Springs 16,213
20%
Loganville 14,127
20%
Sugar Hill 25,076
20%
Cedartown 10,190
18%
Lilburn 14,502
18%
Riverdale 15,129
18%
Braselton 13,403
15%
Clarkston 14,756
15%
Lovejoy 10,122
15%
No matching quizzes found
Score Distribution
Percent of People with Each Score
Percentile by Number Answered
Your Score History
You have not taken this quiz